00869nam a2200217 i 450000100060000000300090000600500170001500700030003200800410003510000260007624501950010225000120029726000430030930000410035270000260039370000320041970000250045185200320047699900170050895201260052565647ES-MaACL20230906165431.0t|040120s1959 sp ||||1| spa d1 aFritz, Alfred.95269610aCohetes y satélites artificiales b: (la conquista del espacio interplanetario) / cAlfred Fritz ; prólogo de Emilio Novoa ; traducción de J. Díaz Vázquez ; dibujos de Theo Lassig. a1ª ed. aMadrid : bMorata, c1959 (fClemares) a245 p., 13 lám. : bil. ; c24 cm.1 aNovoa, Emilio.9860931 aDíaz Vázquez, J.9444501 aLassig, Theo.970471 aES-MaACLjC-16936 bR.45425 c65647d65647 00104070aATENEOMbATENEOMcGaleríad2008-01-17eSCl0oC-16936p1068776r2023-02-23 00:00:00w2023-02-23yMONOGRAFIA